| 000 | 00837nam a2200253Ia 4500 | ||
|---|---|---|---|
| 003 | OSt | ||
| 005 | 20220923215909.0 | ||
| 006 | a|||||r|||| 00| 0 | ||
| 007 | ta | ||
| 008 | 220922b |||||||| |||| 00| 0 hin d | ||
| 024 | _a182,668 | ||
| 037 | _cTextual | ||
| 040 |
_aARTS _cARTS _bhin |
||
| 041 |
_2hin _ahin |
||
| 082 | _aO152,1xN5, K6 | ||
| 100 |
_aगुप्त, जगदीश, संपा. _9156274 |
||
| 245 | 0 | _aनयी कविता - अंक 8 | |
| 246 | _aNayī kavitā - aanka 8 | ||
| 260 |
_aइलाहाबाद _b लोक भारती प्रकाशन _c1967 |
||
| 300 |
_a298 पृ. _ccm. |
||
| 650 |
_aहिन्दी साहित्य _9156264 |
||
| 942 |
_hO152,1xN5, K6 _cTEXL _2CC |
||
| 999 |
_c336032 _d336032 |
||